| 000 | 00500nam a22001697a 4500 | ||
|---|---|---|---|
| 008 | 240213b ||||| |||| 00| 0 eng d | ||
| 020 | _a9781305285682 | ||
| 050 |
_aQA76.5 _b.B47 2014 |
||
| 100 | _aBeskeen, | ||
| 245 |
_a Introduction to microcomputers CGS 1060/ _cBeskeen, Cram and Duffy |
||
| 250 | _aspecial ed. | ||
| 260 |
_aAustralia _bCengage Learning _c2014 |
||
| 300 |
_axiv, _c28 cm. |
||
| 500 | _a Includes bibliographical references | ||
| 650 | _aMicrocomputers. | ||
| 942 |
_2lcc _cBK |
||
| 999 |
_c58967 _d58967 |
||